000 01982nam0a22003851 4500
001 rc\2181156
005 20260406082954.0
035 _a(NLR Aleph) 006690878
090 _a5148653
_c5148653
100 _a20110829d1978 |||y0rusy50 ca
101 0 _arus
102 _aRU
105 _ay z |||||
200 1 _aИстория геологических наук в Белорусской ССР
_dHistory of geological sciences in Byelorussian SSR
_f[К.И. Лукашев, В.А. Кузнецов, Л.Н. Вознячук и др.
_gРедкол.: К.И. Лукашев (отв. ред.)]
210 _aМинск
_cНаука и техника
_d1978
215 _a271 с.
_d22
225 1 _aБиблиотека всемирной истории геологических наук
_v3
300 _aВ надзаг.: Белорус. секция сов. подкомитета ИНИГЕО, Ин-т геохимии и геофизики АН БССР
300 _aЗагл. также: белорус.
300 _aАвт. указаны в огл.
320 _aБиблиогр.: с. 233-270
510 0 _aHistory of geological sciences in Byelorussian SSR
_zrus
606 _aГеологическая наука в Белорусской ССР
_xИстория
_2psbo
701 1 _7ca
_8rus
_aКузнецов
_bВ. А.
_cд-р геол.-минерал. наук, геохимия
_f1931-2008
_gВладилен Александрович
_3RU\NLR\AUTH\770277701
_92649668
701 1 _aВознячук
_bЛ.Н.
702 1 _aЛукашев
_bК.И.
_gКонстантин Игнатьевич
_4570
712 0 2 _aМеждународный комитет по истории геологических наук
_bСоветский подкомитет
801 0 _aRU
_bNLR
_gpsbo
801 1 _aRU
_bELAR
_2rusmarc
852 _aNLR
_j79-5/1110
899 _aRuMoRGB
_jБ 77-17/17
899 _aRuMoRGB
_jБ 77-17/19
942 _cBOOK
980 _aNB